| 000 | 01721nam a2200265Ia 4500 | ||
|---|---|---|---|
| 003 | Ost | ||
| 005 | 20260507075326.0 | ||
| 008 | 260507s9999||||xx |||||||||||||| ||und|| | ||
| 020 | _a57100799579 | ||
| 040 | _cfsecg | ||
| 041 | _aara | ||
| 082 | _a330 | ||
| 100 |
_aعامر، سامح عبد المطلب _eمؤلف |
||
| 245 | 0 |
_aتخطيط و مراقبة الانتاج في المؤسسات الصناعية و الخدمية / _c سامح عبد المطلب عامر |
|
| 260 |
_aعمان: _bدار الفكر, _c2011 |
||
| 300 |
_a440 صفحة؛ _bإيضاحات ؛ _c25 سم |
||
| 504 | _aمراجع ص.431 | ||
| 520 | _aمفهوم و أسس ادارة الانتاج و العمليات ، إختيار الموقع و التخطيط الداخلي للمصنع ، تخطيط و تنظيم الانتاج في المؤسسات الصناعية و الخدمية ، التنبؤ بحجم الانتاج ، جدولة و تحميل الانتاج ، تصميم و تطوير المنتجات ، الرقابة على العمليات في ضوء نظم تكاليف الانتاج ، الرقابة على الانتاج ، صيانة الأصول الانتاجية ، الكفاءة الانتاجية ، تقييم أداء القطاع الصناعي ( المشكلات و الحلول) ، دور إدارة الانتاج في مواجهة التحديات المعاصرة ، إدارة الجودة كمدخل لتحسين كفاءة الانتاج | ||
| 653 | _aإدارة الانتاج | ||
| 653 | _aالتخطيط | ||
| 653 | _aالرقابة | ||
| 653 | _aالمؤسسات الصناعية | ||
| 700 |
_aسيد قنديل، علاء محمد _eمؤلف ثانوي |
||
| 942 | _cكتاب | ||
| 999 |
_c43968 _d43968 |
||